000 00633nam a2200181 a 4500
001 000023873
005 20200930022531.0
008 110114s1986 pr abch 000 e spa d
040 _aDO-SdBNP
_bspa
_cBNPHU
082 _annnn
_bF866p
100 1 _aFreire, Joaquín,
_949113
245 1 0 _aPresencia de Puerto Rico en la historia de Cuba :
_buna aportación al estudio de la historia antillana /
_cJoaquín Freire.
260 _aSan Juan, Puerto Rico :
_bCultural Puertorriqueña,
_c1986.
300 _a212 p. :
_bil., mapas, fascs., retrs. , ;
_c22 cm.
500 _a3a reimp.
504 _aBibliografía: p. 209-212.
049 _aBNGR
999 _c23369
_d23369